000 00737nam a2200217Ia 4500
001 2445
003 GE_BSU
008 181216s||||||||xx |||||||||||||| ||und||
020 _a9789941141904
040 _cGE_BSU
080 _a994(075.8)
100 _aსამხარაძე, რ.
245 _aSQL სერვისი საქ–ს ტექნიკური უნივერსიტეტი.
260 _aთბილისი
260 _bტექნიკური უნივერსიტეტი.
260 _c2008
300 _a371 გვ.
541 _h20 ლ.
653 _aSQL სერვისი საქ–ს ტექნიკური უნივერსიტეტი.
942 _cBK
999 _c36527
_d36527